| 000 | 03043mam a2200385 a 4500 | ||
|---|---|---|---|
| 001 | 1950532 | ||
| 005 | 20170105102937.0 | ||
| 008 | 960612s1997 enkb b 001 0 eng | ||
| 010 | _a 96027847 | ||
| 020 | _a0333646665 (cloth) | ||
| 020 | _a0312164211 (cloth) | ||
| 035 | _a(OCoLC)ocm34966185 | ||
| 035 | _a(NNC)1950532 | ||
| 040 |
_aDLC _cDLC _dOrLoB-B |
||
| 043 | _aa-pk--- | ||
| 050 | 0 | 0 |
_aDS384 _b.M2718 1997 |
| 082 | 0 | 0 |
_a320.95491 _220 _bMAL 1997 |
| 100 | 1 |
_aMalik, Iftikhar Haider, _d1949- |
|
| 245 | 1 | 0 |
_aState and civil society in Pakistan : _bpolitics of authority, ideology, and ethnicity / _cIftikhar H. Malik. |
| 260 |
_aHoundmills, Basingstoke, Hampshire : _bMacmillan Press ; _aNew York : _bSt. Martin's Press, _c1997. |
||
| 300 |
_axviii, 347 p. : _bmap ; _c23 cm. |
||
| 490 | 1 | _aSt. Antony's series | |
| 500 | _a"In association with St Antony's College Oxford." | ||
| 504 | _aIncludes bibliographical references (p. 327-337) and index. | ||
| 505 | 0 | 0 |
_tState and Civil Society: Conceptualisation -- _g1. _tDilemma of Political Culture, National Integration and Constitutionalism -- _g2. _tElite Formation, Politics of Ideology and Cooption -- _g3. _tThe Supremacy of the Bureaucracy and the Military -- _g4. _tFeudalists in Politics: Trans-Regional Elitist Alliance -- _g5. _tUnilateralism of the State: 'Invisible Government' at Work -- _g6. _tState and Civil Society in Conflict -- _g7. _tThe Politics of Gender in Pakistan -- _g8. _tEthnicity, Nationalism and Nation-Building -- _g9. _tSindh: The Politics of Authority and Ethnicity -- _g10. _tThe Rise of the Muhajir Qaumi Movement and Ethnic Politics in Sindh. |
| 520 | _aState and Civil Society in Pakistan analyses the enduring problems of governance as experienced in the predominantly Muslim polity of Pakistan in the context of an unequal relationship between the elitist state structure and weak civic institutions. The predicament is largely rooted in the unclear and mutually antagonistic relationship among the forces of authority, ideology and ethnicity. | ||
| 520 | 8 | _aWhereas manipulation of Islamic symbols by various regimes has exacerbated sectarianism, their own specific regionalist preferences (Muhajir and Punjabi earlier, and now with a visible Punjabi and Pushtun dispensation) have only politicized ethnicity. Volatile ethnic pluralism in Sindh and its criminalization in Karachi are the latest spectre of uneven politics in this country where successive governments have insisted on administrative rather than compact and consensus-based politico-economic measures. | |
| 520 | 8 | _aPakistan's difficulties with India help rationalize the continuity of an enormous defence establishment while significant areas like the judiciary, women's progress, education, health and press remain neglected, hampering the empowerment of civil society. | |
| 650 | 0 |
_aEthnicity _zPakistan. |
|
| 651 | 0 |
_aPakistan _xPolitics and government. |
|
| 651 | 0 |
_aPakistan _xEthnic relations. |
|
| 830 | 0 | _aSt. Antony's series. | |
| 900 | _bTOC | ||
| 942 |
_2ddc _cBK |
||
| 999 |
_c16313 _d16313 |
||